Capitals Click Quiz: Countries Starting with T - Statistics

General Stats
  • This quiz has been taken 104 times
  • The average score is 9 of 11
Answer Stats
Hint Answer % Correct
Bangkok Thailand
98%
Tunis Tunisia
98%
Taipei Taiwan
95%
Ankara Turkey
95%
Port-of-Spain Trinidad & Tobago
94%
Dodoma Tanzania
77%
Lomé Togo
77%
Ashgabat Turkmenistan
75%
Nukuʻalofa Tonga
73%
Dushanbe Tajikistan
70%
Funafuti Tuvalu
70%
No matching quizzes found
Score Distribution
Percent of People with Each Score
Percentile by Number Answered
Your Score History
You have not taken this quiz